Random flags quiz 4 (historical flags edition) - Statistics

General Stats
  • This quiz has been taken 28 times
    27 since last reset
  • The average score is 8 of 16
Answer Stats
Picture Answer % Correct
Soviet Union
95%
East Germany
89%
Austria Hungary
79%
Prussia
79%
United States of America
79%
Rhodesia
53%
Spanish Empire
53%
Kingdom of Greece
47%
British Raj
42%
Kingdom of Hawaii
37%
Burma
32%
Kalmar Union
32%
Persian Empire
21%
Wessex
16%
Maya civilization
5%
United Kingdom of Portugal Brazil and the Algarves
5%
No matching quizzes found
Score Distribution
Percent of People with Each Score
Percentile by Number Answered
Your Score History
You have not taken this quiz since the last reset